ARRUPE JESUIT UNIVERSITY

CORONAVIRUS -STOP THE SPREAD - CLEAN,DISINFECT,COVER

Genes, peoples, and languages / (Record no. 131311)

MARC details
000 -LEADER
fixed length control field 01301cam a2200349 a 4500
001 - CONTROL NUMBER
control field 4033994
003 - CONTROL NUMBER IDENTIFIER
control field ARRUPE
005 - DATE AND TIME OF LATEST TRANSACTION
control field 20220421083239.0
008 - FIXED-LENGTH DATA ELEMENTS--GENERAL INFORMATION
fixed length control field 980610s2000 nyuab b 001 0 eng
010 ## - LIBRARY OF CONGRESS CONTROL NUMBER
LC control number 98026360
020 ## - INTERNATIONAL STANDARD BOOK NUMBER
International Standard Book Number 0865475296 (alk. paper)
040 ## - CATALOGING SOURCE
Original cataloging agency DLC
Transcribing agency DLC
Modifying agency DLC
041 1# - LANGUAGE CODE
Language code of text/sound track or separate title eng
Language code of original and/or intermediate translations of text fre
050 00 - LIBRARY OF CONGRESS CALL NUMBER
Classification number GN281
Item number .C385 2000
082 00 - DEWEY DECIMAL CLASSIFICATION NUMBER
Classification number 599.93/8
Edition number 21
300 ## - PHYSICAL DESCRIPTION
Other physical details ill. ;
Dimensions 22 cm.
100 1# - MAIN ENTRY--PERSONAL NAME
Personal name Cavalli-Sforza, L. L.
Fuller form of name (Luigi Luca),
Dates associated with a name 1922-2018.
9 (RLIN) 51346
240 10 - UNIFORM TITLE
Uniform title <a href="Gènes, peuples et langues.">Gènes, peuples et langues.</a>
Language of a work English
245 10 - TITLE STATEMENT
Title Genes, peoples, and languages /
Statement of responsibility, etc Luigi Luca Cavalli-Sforza ; translated by Mark Seielstad.
250 ## - EDITION STATEMENT
Edition statement 1st ed.
260 ## - PUBLICATION, DISTRIBUTION, ETC. (IMPRINT)
Place of publication, distribution, etc New York :
Name of publisher, distributor, etc North Point Press,
Date of publication, distribution, etc 2000.
300 ## - PHYSICAL DESCRIPTION
Extent xii, 227 p. :
500 ## - GENERAL NOTE
General note Rev. translation of: Gènes, peuples et langues.
504 ## - BIBLIOGRAPHY, ETC. NOTE
Bibliography, etc Includes bibliographical references (p. 209-214) and index.
650 #0 - SUBJECT ADDED ENTRY--TOPICAL TERM
Topical term or geographic name as entry element Human evolution.
650 #0 - SUBJECT ADDED ENTRY--TOPICAL TERM
Topical term or geographic name as entry element Human population genetics.
650 #0 - SUBJECT ADDED ENTRY--TOPICAL TERM
Topical term or geographic name as entry element Fossil hominids.
9 (RLIN) 43793
650 #0 - SUBJECT ADDED ENTRY--TOPICAL TERM
Topical term or geographic name as entry element Language and languages
General subdivision Origin.
9 (RLIN) 14516
906 ## - LOCAL DATA ELEMENT F, LDF (RLIN)
a 7
b cbc
c orignew
d 1
e ocip
f 19
g y-gencatlg
942 ## - ADDED ENTRY ELEMENTS (KOHA)
Source of classification or shelving scheme Library of Congress Classification
Koha item type Monograph ( Printed materials)
Holdings
Withdrawn status Lost status Source of classification or shelving scheme Damaged status Not for loan Collection code Home library Current library Shelving location Date acquired Total Checkouts Full call number Barcode Date last seen Price effective from Koha item type
    Library of Congress Classification     Main Collection ARRUPE LIBRARY ARRUPE LIBRARY Main Collection 21/04/2022   GN281 .C385 2000 46600008687 21/04/2022 21/04/2022 Monograph ( Printed materials)

 

Arrupe Library. PO Box MP320 Mt Pleasant, Harare, Zimbabwe
263 242 745411|librarian@aju.ac.zw